书目信息 |
| 题名: |
北京畜牧业水资源经济效率分析
|
|
| 作者: | 曹暕 著 | |
| 分册: | ||
| 出版信息: | 北京 中国农业出版社 2015.06 |
|
| 页数: | 186页 | |
| 开本: | 20cm | |
| 丛书名: | ||
| 单 册: | ||
| 中图分类: | F326.371 | |
| 科图分类: | ||
| 主题词: | 农业经济--中国 | |
| 电子资源: | ||
| ISBN: | 7-109-20769-2 | |
| 000 | 00606nam0 2200193 450 | |
| 001 | 2256890406 | |
| 005 | 20221011155009.95 | |
| 010 | @a7-109-20769-2@dCNY26.00 | |
| 100 | @a20221011d2015 km y0chiy0120 ea | |
| 101 | 0 | @achi |
| 102 | @aCN@b110000 | |
| 200 | 1 | @a北京畜牧业水资源经济效率分析@ABei Jing Chu Mu Ye Shui Zi Yuan Jing Ji Xiao Lu Fen Xi@f曹暕著@FCao Lan Zhu |
| 210 | @a北京@c中国农业出版社@d2015.06 | |
| 215 | @a186页@d20cm | |
| 606 | 0 | @a农业经济@x中国 |
| 690 | @aF326.371@v4 | |
| 701 | 0 | @a曹暕@ACao Lan@4著 |
| 801 | 0 | @aCN@b大连网信软件有限公司图书馆·11@c20221011 |
| 905 | @aZUCC@dF326.371@eZY33 | |
| 北京畜牧业水资源经济效率分析/曹暕著.-北京:中国农业出版社,2015.06 |
| 186页;20cm |
| ISBN 7-109-20769-2:CNY26.00 |
| ● |
| 相关链接 |
|
|
|
|
正题名:北京畜牧业水资源经济效率分析
索取号:F326.371/ZY33
 
预约/预借
| 序号 | 登录号 | 条形码 | 馆藏地/架位号 | 状态 | 备注 |
| 1 | 7905087 | 279050875 | 密集书库-资源管理系/ [索取号:F326.371/ZY33] | 在馆 |